Países del imperio español - Estadísticas

Estadísticas generales
  • Esta prueba ha sido intentada 12.195 veces
  • La puntuación promedio es 24 de 33
Estadísticas de respuestas
Años País % Correcto
1553-1816 Argentina
97%
1519-1821 México
95%
1541-1818 Chile
94%
1525-1810 Colombia
94%
1527-1811 Venezuela
93%
1511-1898 Cuba
92%
1535-1821 Perú
92%
1724-1811 Uruguay
91%
1534-1822 Ecuador
89%
1537-1811 Paraguay
89%
1548-1825 Bolivia
88%
1510-1821 Panamá
86%
1525-1821 El Salvador
85%
1536-1821 Honduras
85%
1565-1898 Filipinas
84%
1524-1821 Costa Rica
83%
1524-1821 Guatemala
83%
1498-1795 República Dominicana
83%
1524-1821 Nicaragua
82%
1884-1975 Marruecos
81%
1508-1898 Estados Unidos
80%
1778-1968 Guinea Ecuatorial
68%
1498-1625 Haití
68%
1556-1759 Italia
68%
- España
67%
1556-1674 Francia
67%
1556-1581 Países Bajos
55%
1509-1655 Jamaica
54%
1556-1714 Bélgica
50%
1592-1797 Trinidad y Tobago
43%
1556-1714 Luxemburgo
27%
1574-1899 Palaos
12%
1565-1899 Micronesia
11%
No se encontraron pruebas coincidentes
Distribución de puntuación
Porcentaje de gente con cada puntuación
Porcentaje por número respondido
Historial de tus puntuaciones
No has intentado esta prueba.